| 000 | 00471nam a2200181Ia 4500 | ||
|---|---|---|---|
| 001 | 8129 | ||
| 005 | 20260306160546.0 | ||
| 008 | 260306t2018||||xx |||||||||||||| ||spa|| | ||
| 041 | _aESP | ||
| 082 |
_a370.114 _bD75 |
||
| 100 |
_aDiez Canseco Briceño, María Lorena _eAUT |
||
| 245 | 0 | _aEducación de la virtud en los ámbitos familiar y escolar | |
| 260 | _c2018 | ||
| 300 |
_a291 páginas : _c21 cm. |
||
| 650 | _aGEN | ||
| 654 | _aCED | ||
| 942 |
_cLIB _dJUS _fJUS _2ddc _n |
||
| 999 |
_c8129 _d8129 |
||